[Event "HUN-chT2 Maroczy 1819"]
[Site "Hungary"]
[Date "2018.12.02"]
[Round "5.11"]
[White "Lantos, Attila"]
[Black "Miszler, Levente"]
[Result "1-0"]
[WhiteElo "2004"]
[BlackElo "2021"]
[PlyCount "83"]
[EventDate "2018.09.23"]
[EventType "team-tourn"]
[EventRounds "11"]
[EventCountry "HUN"]
[SourceTitle "EXT 2020"]
[Source "ChessBase"]
[SourceDate "2019.10.17"]
[SourceVersion "1"]
[SourceVersionDate "2019.10.17"]
[SourceQuality "1"]
[WhiteTeam "Szigetszentmiklos"]
[BlackTeam "Toth Laszlo"]
[WhiteTeamCountry "HUN"]
[BlackTeamCountry "HUN"]

1. e4 Nc6 2. d4 e5 3. d5 Nce7 4. Be3 f5 5. f3 Nf6 6. Nc3 d6 7. Nge2 c6 8. Qd2 fxe4 9. fxe4 cxd5 10. exd5 Nf5 11. Bg1 Be7 12. Ng3 0-0 13. 0-0-0 Nxg3 14. hxg3 Ng4 15. Kb1 Bg5 16. Qe1 Bf5 17. Bd3 Bxd3 18. cxd3 Qd7 19. Ne4 Bh6 20. Qb4 Nf6 21. Nc3 Rf7 22. Rf1 Bg5 23. Ne4 a5 24. Nxf6+ gxf6 25. Qe4 Rff8 26. g4 Rac8 27. Bb6 a4 28. a3 Rf7 29. Ba5 Qb5 30. Bb4 Qb6 31. Qf5 Qc7 32. Bxd6 Qc2+ 33. Ka1 Rd8 34. Bxe5 Rxd5 35. Rxh7 Rxh7 36. Qe6+ Rf7 37. Qxd5 Qe2 38. Rf5 Qxg4 39. Bc3 Bh4 40. Rh5 Bg5 41. Rh1 Qd7 42. Qxg5+ 1-0

[Event "HUN-chT2 Erkel 1718"]
[Site "Hungary"]
[Date "2018.02.18"]
[Round "8.10"]
[White "Csatari, Dominik"]
[Black "Lantos, Attila"]
[Result "1-0"]
[WhiteElo "1734"]
[BlackElo "2002"]
[PlyCount "81"]
[EventDate "2017.09.24"]
[EventType "team-tourn"]
[EventRounds "11"]
[EventCountry "HUN"]
[SourceTitle "EXT 2021"]
[Source "ChessBase"]
[SourceDate "2020.10.23"]
[SourceVersion "1"]
[SourceVersionDate "2020.10.23"]
[SourceQuality "1"]
[WhiteTeam "Jaszbereny"]
[BlackTeam "Szigetszentmiklos"]
[WhiteTeamCountry "HUN"]
[BlackTeamCountry "HUN"]

1. e4 Nc6 2. d4 e5 3. Nf3 exd4 4. Nxd4 Bc5 5. Nb3 Bb6 6. Qe2 d6 7. Nc3 a5 8. a4 Nge7 9. Be3 Bxe3 10. Qxe3 0-0 11. 0-0-0 f5 12. f3 Be6 13. Nd2 Ne5 14. exf5 Nxf5 15. Qe1 Re8 16. Nde4 Bf7 17. Qf2 Rf8 18. h3 Nc4 19. Bxc4 Bxc4 20. g4 Nh4 21. f4 Ng6 22. f5 Ne5 23. Qg3 b5 24. h4 b4 25. Nd5 Bxd5 26. Rxd5 Qe8 27. b3 Nd7 28. Re1 Qf7 29. Rdd1 Rae8 30. Kb1 Re5 31. Ng5 Qf6 32. Ne6 Re8 33. Rf1 Qf7 34. Qf3 Nf8 35. Ng5 Qe7 36. Qd3 h6 37. Qc4+ d5 38. Rxd5 Rxd5 39. Qxd5+ Kh8 40. Nf7+ Kh7 41. f6 1-0

[Event "HUN-chT2 Erkel 1718"]
[Site "Hungary"]
[Date "2017.12.17"]
[Round "6.9"]
[White "Lantos, Attila"]
[Black "Toth, Pal1111"]
[Result "1-0"]
[WhiteElo "2002"]
[BlackElo "1930"]
[PlyCount "76"]
[EventDate "2017.09.24"]
[EventType "team-tourn"]
[EventRounds "11"]
[EventCountry "HUN"]
[SourceTitle "EXT 2021"]
[Source "ChessBase"]
[SourceDate "2020.10.23"]
[SourceVersion "1"]
[SourceVersionDate "2020.10.23"]
[SourceQuality "1"]
[WhiteTeam "Szigetszentmiklos"]
[BlackTeam "Salgotarjan"]
[WhiteTeamCountry "HUN"]
[BlackTeamCountry "HUN"]

1. d4 d5 2. Nc3 f5 3. Bf4 c6 4. Qd2 Nf6 5. f3 e6 6. e3 Nbd7 7. Bd3 Nh5 8. Bg3 Nxg3 9. hxg3 Nf6 10. Nce2 Bd6 11. 0-0-0 Qe7 12. Kb1 Bd7 13. c4 Bb4 14. Qc1 Rc8 15. a3 dxc4 16. Qxc4 Ba5 17. e4 c5 18. dxc5 Rxc5 19. Qa2 0-0 20. exf5 Nd5 21. Nh3 Ne3 22. f6 Qxf6 23. Bxh7+ Kxh7 24. Nhf4+ Kg8 25. Rxd7 Qf5+ 26. Nd3 Rd5 27. Rxd5 exd5 28. Qb3 Nc4 29. Ka2 Nd2 30. g4 Qd7 31. Qc2 Rc8 32. Nc5 Qf7 33. Nd4 g6 34. b4 b6 35. Qxd2 bxc5 36. Qh6 Qg7 37. Qxg7+ Kxg7 38. Ne6+ Kf6 1-0

[Event "EU-ch blitz"]
[Site "Katowice"]
[Date "2017.12.15"]
[Round "3"]
[White "Kuzmicz, Karol"]
[Black "Lantos, Attila"]
[Result "1-0"]
[WhiteElo "2460"]
[BlackElo "2033"]
[PlyCount "55"]
[EventDate "2017.12.15"]
[EventType "swiss (blitz)"]
[EventRounds "22"]
[EventCountry "POL"]
[SourceTitle "CBM 182 Extra"]
[Source "ChessBase"]
[SourceDate "2018.02.23"]
[SourceVersion "1"]
[SourceVersionDate "2018.02.23"]
[SourceQuality "1"]

1. e4 Nc6 2. Nf3 e5 3. d4 exd4 4. Bc4 Bc5 5. c3 d3 6. Qxd3 Qe7 7. 0-0 Nf6 8. Bg5 h6 9. Bh4 g5 10. Bg3 Nh5 11. Nbd2 d6 12. Nb3 Bb6 13. Nbd4 Nf4 14. Bxf4 gxf4 15. Nf5 Bxf5 16. exf5 0-0-0 17. a4 a6 18. b4 Ne5 19. Qe4 Nxf3+ 20. Qxf3 Rhg8 21. a5 Ba7 22. b5 d5 23. Bxd5 Rxd5 24. Qxd5 axb5 25. a6 c6 26. Qf3 Qg5 27. axb7+ Kxb7 28. Rfd1 1-0

[Event "Budapest FS08 FM"]
[Site "Budapest"]
[Date "2017.08.15"]
[Round "9"]
[White "Sivanesan, Subramanian"]
[Black "Lantos, Attila"]
[Result "1-0"]
[WhiteElo "1998"]
[BlackElo "2040"]
[PlyCount "81"]
[EventDate "2017.08.05"]
[EventType "tourn"]
[EventRounds "9"]
[EventCountry "HUN"]
[SourceTitle "CBM 180 Extra"]
[Source "ChessBase"]
[SourceDate "2017.10.06"]
[SourceVersion "1"]
[SourceVersionDate "2017.10.06"]
[SourceQuality "1"]

1. e4 c5 2. Nf3 e6 3. d4 Qc7 4. Nc3 a6 5. a4 b6 6. d5 d6 7. g3 e5 8. Bg2 g6 9. 0-0 Bg7 10. Nd2 Qe7 11. Nc4 Nd7 12. f4 Rb8 13. Qe2 h5 14. f5 g5 15. f6 Bxf6 16. Ne3 Nf8 17. Nf5 Qd8 18. Be3 Ng6 19. Qd2 h4 20. Rf2 hxg3 21. hxg3 Rh7 22. Bf1 Nh6 23. Nxh6 Rxh6 24. Rxf6 Qxf6 25. Bxg5 Qf3 26. Bxh6 Qxg3+ 27. Qg2 Qh4 28. Qg5 Bg4 29. Qxh4 Nxh4 30. Bxa6 Kd7 31. Kf2 Rh8 32. Kg3 Rxh6 33. Kxg4 Ng6 34. Ne2 Ke7 35. Kg3 Rh4 36. Bd3 c4 37. Bxc4 Rxe4 38. Bd3 Re3+ 39. Kf2 Rh3 40. Bxg6 fxg6 41. Kg2 1-0

[Event "Budapest FS08 FM"]
[Site "Budapest"]
[Date "2017.08.05"]
[Round "1"]
[White "Lantos, Attila"]
[Black "Farago, Sandor"]
[Result "0-1"]
[WhiteElo "2040"]
[BlackElo "2270"]
[PlyCount "88"]
[EventDate "2017.08.05"]
[EventType "tourn"]
[EventRounds "9"]
[EventCountry "HUN"]
[SourceTitle "CBM 180 Extra"]
[Source "ChessBase"]
[SourceDate "2017.10.06"]
[SourceVersion "1"]
[SourceVersionDate "2017.10.06"]
[SourceQuality "1"]

1. e4 c5 2. Nf3 e6 3. d4 cxd4 4. Nxd4 a6 5. Nc3 b5 6. f3 Bb7 7. Be3 Qc7 8. Qd2 Nf6 9. Nce2 d5 10. e5 Nfd7 11. f4 Nc5 12. Ng3 Nbd7 13. Be2 g6 14. Bf3 Nb6 15. b3 Rc8 16. 0-0 Bg7 17. Rac1 0-0 18. Nge2 Ne4 19. Bxe4 dxe4 20. h3 Rfd8 21. Qe1 Nd5 22. Qg3 b4 23. Bd2 Qb6 24. Kh1 f5 25. a4 Bf8 26. Rfd1 a5 27. Be1 Ba6 28. Bf2 Bc5 29. Bg1 e3 30. Nb5 Bxb5 31. axb5 Qxb5 32. Qf3 Bb6 33. g4 Kh8 34. h4 fxg4 35. Qxg4 Qc6 36. Kh2 Nc3 37. Nxc3 bxc3 38. h5 Rd2+ 39. Rxd2 cxd2 40. Rd1 gxh5 41. Qg5 Qd7 42. f5 Rg8 43. Bxe3 Rxg5 44. Bxg5 Qd4 0-1

[Event "Budapest FS07 FM"]
[Site "Budapest"]
[Date "2017.07.10"]
[Round "9"]
[White "Bai, Adelard"]
[Black "Lantos, Attila"]
[Result "1-0"]
[WhiteElo "1729"]
[BlackElo "2073"]
[PlyCount "83"]
[EventDate "2017.07.01"]
[EventType "tourn"]
[EventRounds "10"]
[EventCountry "HUN"]
[SourceTitle "EXT 2018"]
[Source "ChessBase"]
[SourceDate "2017.10.13"]
[SourceVersion "1"]
[SourceVersionDate "2017.10.13"]
[SourceQuality "1"]

1. e4 Nc6 2. Nf3 e5 3. Bc4 Nf6 4. d3 h6 5. c3 d6 6. h3 g6 7. Be3 Bg7 8. 0-0 Qe7 9. b4 Nd8 10. Nbd2 Ne6 11. Qc2 Nh5 12. d4 Nhf4 13. Rae1 Bd7 14. a4 g5 15. Bxe6 Bxe6 16. Bxf4 gxf4 17. d5 Bd7 18. Nh2 h5 19. a5 Rh6 20. Kh1 Rg6 21. Rg1 c6 22. dxc6 bxc6 23. Qd3 Be6 24. b5 Qc7 25. Rb1 Rc8 26. b6 axb6 27. axb6 Qd7 28. b7 Rb8 29. Qa6 d5 30. Qa7 Qd8 31. Rb6 Kd7 32. Ra1 Bf8 33. Rb2 Bd6 34. Nhf3 f5 35. exd5 Bxd5 36. c4 Bxf3 37. Nxf3 e4 38. Nd4 f3 39. g3 Qf8 40. Rd1 e3 41. Nxf3 Ke6 42. Qxe3+ 1-0

[Event "Budapest FS07 FM"]
[Site "Budapest"]
[Date "2017.07.01"]
[Round "1"]
[White "Lantos, Attila"]
[Black "Ananchenko, Igor"]
[Result "0-1"]
[WhiteElo "2073"]
[BlackElo "2068"]
[PlyCount "84"]
[EventDate "2017.07.01"]
[EventType "tourn"]
[EventRounds "10"]
[EventCountry "HUN"]
[SourceTitle "EXT 2018"]
[Source "ChessBase"]
[SourceDate "2017.10.13"]
[SourceVersion "1"]
[SourceVersionDate "2017.10.13"]
[SourceQuality "1"]

1. d4 d5 2. Bf4 Nf6 3. Nc3 e6 4. Qd2 Be7 5. f3 0-0 6. 0-0-0 c5 7. e3 a6 8. g4 b5 9. h4 b4 10. Nce2 Nc6 11. Kb1 Nd7 12. g5 Bb7 13. Ng3 Re8 14. Nh3 e5 15. dxe5 Ncxe5 16. Qg2 Qb6 17. Nf5 Bf8 18. h5 a5 19. Rg1 b3 20. cxb3 a4 21. b4 a3 22. Bxe5 Nxe5 23. f4 d4 24. e4 Qxb4 25. b3 Qc3 26. Bd3 Ng4 27. Rd2 c4 28. Rc1 Qxd3+ 29. Rxd3 Bxe4 30. Qxg4 Bxd3+ 31. Ka1 Bb4 32. Nh6+ Kf8 33. Qg1 Re1 34. Qxe1 Bxe1 35. Rxe1 gxh6 36. Nf2 hxg5 37. fxg5 Ra5 38. bxc4 Bxc4 39. Nh3 Be6 40. Nf4 Rxg5 41. h6 Rg4 42. Rf1 Bc4 0-1

[Event "Budapest FS06 FM"]
[Site "Budapest"]
[Date "2017.06.09"]
[Round "7"]
[White "Lantos, Attila"]
[Black "Szalanczy, Emil"]
[Result "1/2-1/2"]
[WhiteElo "2073"]
[BlackElo "2193"]
[PlyCount "36"]
[EventDate "2017.06.03"]
[EventType "tourn"]
[EventRounds "9"]
[EventCountry "HUN"]
[SourceTitle "CBM 178 Extra"]
[Source "ChessBase"]
[SourceDate "2017.06.22"]
[SourceVersion "1"]
[SourceVersionDate "2017.06.22"]
[SourceQuality "1"]

1. e4 e5 2. Nf3 Nf6 3. Nxe5 d6 4. Nf3 Nxe4 5. d4 d5 6. Bd3 Bd6 7. 0-0 0-0 8. Nbd2 Nxd2 9. Bxd2 Nd7 10. Re1 Nf6 11. Bg5 c6 12. Qd2 h6 13. Bxh6 gxh6 14. Qxh6 Bg4 15. Qg5+ Kh8 16. Qh6+ Kg8 17. Qg5+ Kh8 18. Qh6+ Kg8 1/2-1/2

[Event "Budapest FS06 FM"]
[Site "Budapest"]
[Date "2017.06.08"]
[Round "6"]
[White "Lantos, Attila"]
[Black "Botlik, Bela"]
[Result "0-1"]
[WhiteElo "2073"]
[BlackElo "1977"]
[PlyCount "86"]
[EventDate "2017.06.03"]
[EventType "tourn"]
[EventRounds "9"]
[EventCountry "HUN"]
[SourceTitle "CBM 178 Extra"]
[Source "ChessBase"]
[SourceDate "2017.06.22"]
[SourceVersion "1"]
[SourceVersionDate "2017.06.22"]
[SourceQuality "1"]

1. e4 d5 2. exd5 Nf6 3. Nc3 Nxd5 4. Bc4 Nb6 5. Bb3 Nc6 6. a3 Bf5 7. d3 Nd4 8. Ba2 e6 9. Nge2 Bg4 10. Be3 Nxe2 11. Nxe2 Qf6 12. f3 Bxf3 13. gxf3 Qxf3 14. Kd2 Na4 15. Qf1 Qh5 16. Rb1 Bd6 17. Qg2 0-0-0 18. Qe4 Qa5+ 19. b4 Qa6 20. Rhg1 Nb6 21. Ra1 Kb8 22. Bb3 Nd7 23. Bd4 Nf6 24. Bxf6 gxf6 25. Nc3 Bxh2 26. Rg2 Be5 27. Bc4 b5 28. Bb3 Rd4 29. Qf3 Rf4 30. Qe3 Qc6 31. Ne4 Rxe4 32. dxe4 Bxa1 33. c3 Bb2 34. Kc2 Bxa3 35. Rg7 Bxb4 36. Rxf7 Rg8 37. Kb2 Rg2+ 38. Bc2 Bc5 39. Qd3 Bd6 40. e5 Bxe5 41. Rxh7 b4 42. Kb3 Rg3 43. Rh8+ Kb7 0-1

[Event "HUN-chT2 Erkel 1617"]
[Site "Hungary"]
[Date "2017.04.09"]
[Round "11.7"]
[White "Lantos, Attila"]
[Black "Mizsei, Janos"]
[Result "1-0"]
[WhiteElo "2038"]
[BlackElo "2077"]
[PlyCount "83"]
[EventDate "2016.09.25"]
[EventType "team-tourn"]
[EventRounds "11"]
[EventCountry "HUN"]
[SourceTitle "EXT 2021"]
[Source "ChessBase"]
[SourceDate "2020.10.23"]
[SourceVersion "1"]
[SourceVersionDate "2020.10.23"]
[SourceQuality "1"]
[WhiteTeam "Szigetszentmiklos"]
[BlackTeam "Jaszbereny"]
[WhiteTeamCountry "HUN"]
[BlackTeamCountry "HUN"]

1. d4 d5 2. Bf4 c5 3. e3 Nc6 4. c3 Nf6 5. Nd2 e6 6. Bd3 Bd6 7. Bg5 e5 8. dxc5 Bxc5 9. Nb3 Be7 10. Qe2 Be6 11. f4 Bg4 12. Qc2 Qb6 13. fxe5 Nxe5 14. h3 Nxd3+ 15. Qxd3 Bh5 16. Nf3 0-0 17. Nfd4 h6 18. Bf4 Rfe8 19. Nf5 Bf8 20. g4 Bg6 21. 0-0-0 Rac8 22. Kb1 a5 23. Ka1 a4 24. Nd2 Qc5 25. Rc1 b5 26. Qd4 Qc6 27. Nf3 Re4 28. Qd2 Rce8 29. N3d4 Qb6 30. Ng3 R4e7 31. Ndf5 Rb7 32. Rhe1 b4 33. c4 dxc4 34. Rxc4 Rd8 35. Qc1 Nd5 36. Be5 Qe6 37. Bd4 Nc3 38. Rxc3 bxc3 39. Bxc3 Rc8 40. Qd2 a3 41. b3 Rxc3 42. Qxc3 1-0

[Event "HUN-chT2 Erkel 1617"]
[Site "Hungary"]
[Date "2017.01.29"]
[Round "7.9"]
[White "Vass, Lajos"]
[Black "Lantos, Attila"]
[Result "0-1"]
[WhiteElo "2053"]
[BlackElo "2038"]
[PlyCount "74"]
[EventDate "2016.09.25"]
[EventType "team-tourn"]
[EventRounds "11"]
[EventCountry "HUN"]
[SourceTitle "EXT 2021"]
[Source "ChessBase"]
[SourceDate "2020.10.23"]
[SourceVersion "1"]
[SourceVersionDate "2020.10.23"]
[SourceQuality "1"]
[WhiteTeam "Budapest EAC"]
[BlackTeam "Szigetszentmiklos"]
[WhiteTeamCountry "HUN"]
[BlackTeamCountry "HUN"]

1. e4 c5 2. c3 e6 3. d4 Qc7 4. Nf3 a6 5. Bd3 b6 6. 0-0 Bb7 7. Nbd2 d6 8. Qe2 Be7 9. Re1 Nd7 10. Nf1 h6 11. h3 g5 12. d5 e5 13. Ng3 Nf8 14. Nh5 Rh7 15. Nh2 Nf6 16. Qf3 Nxh5 17. Qxh5 Bc8 18. a4 Ng6 19. g3 Kf8 20. Be2 Kg8 21. Bg4 Bxg4 22. Nxg4 Kh8 23. Ne3 Rg8 24. Nf5 Bf8 25. Qe2 Qc8 26. Kh2 f6 27. Qh5 Qd7 28. Bd2 Ne7 29. Ne3 f5 30. exf5 Nxf5 31. Qg4 Rf7 32. Nxf5 Rxf5 33. Be3 Qf7 34. Rad1 b5 35. Re2 Qg6 36. Qe4 g4 37. hxg4 Rh5+ 0-1

[Event "HUN-chT2 Erkel 1617"]
[Site "Hungary"]
[Date "2016.12.11"]
[Round "6.10"]
[White "Meszaros, Attila"]
[Black "Lantos, Attila"]
[Result "1-0"]
[WhiteElo "1910"]
[BlackElo "2038"]
[PlyCount "62"]
[EventDate "2016.09.25"]
[EventType "team-tourn"]
[EventRounds "11"]
[EventCountry "HUN"]
[SourceTitle "EXT 2021"]
[Source "ChessBase"]
[SourceDate "2020.10.23"]
[SourceVersion "1"]
[SourceVersionDate "2020.10.23"]
[SourceQuality "1"]
[WhiteTeam "Budapest MAFC"]
[BlackTeam "Szigetszentmiklos"]
[WhiteTeamCountry "HUN"]
[BlackTeamCountry "HUN"]

1. Nf3 b6 2. g3 Bb7 3. d4 h6 4. Bg2 g5 5. 0-0 g4 6. Ne5 Bxg2 7. Kxg2 h5 8. f3 d6 9. Nd3 Nc6 10. d5 gxf3+ 11. exf3 Na5 12. c4 Qd7 13. Na3 h4 14. g4 h3+ 15. Kh1 Bg7 16. Rb1 c5 17. b4 Nb7 18. bxc5 dxc5 19. Bb2 Bxb2 20. Rxb2 Nd6 21. Ne5 Qc8 22. Qa4+ Kf8 23. Re2 Nf6 24. Rg1 Rg8 25. Qc2 Rg7 26. Qd2 Ng8 27. Qf4 a6 28. Nc2 b5 29. Ne3 bxc4 30. N3xc4 Nxc4 31. Nxc4 Qb7 1-0

[Event "HUN-chT2 Maroczy 1516"]
[Site "Hungary"]
[Date "2015.12.06"]
[Round "4.8"]
[White "Lantos, Attila"]
[Black "Mullner, Imre"]
[Result "0-1"]
[WhiteElo "2073"]
[BlackElo "2120"]
[PlyCount "90"]
[EventDate "2015.10.18"]
[EventType "team-tourn"]
[EventRounds "9"]
[EventCountry "HUN"]
[SourceTitle "CBM 170 Extra"]
[Source "ChessBase"]
[SourceDate "2016.02.25"]
[SourceVersion "1"]
[SourceVersionDate "2016.02.25"]
[SourceQuality "1"]
[WhiteTeam "Szigetszentmiklos"]
[BlackTeam "MLTC"]
[WhiteTeamCountry "HUN"]
[BlackTeamCountry "HUN"]

1. d4 Nf6 2. Nc3 d5 3. Bf4 a6 4. Qd2 Bf5 5. f3 e6 6. g4 Bg6 7. h4 h6 8. 0-0-0 Bd6 9. Kb1 Bxf4 10. Qxf4 Qd6 11. Qd2 Nc6 12. e3 Nb4 13. Rc1 0-0-0 14. Bd3 Nxd3 15. cxd3 h5 16. g5 Nd7 17. Ka1 Nb6 18. a3 f6 19. Nh3 e5 20. dxe5 fxe5 21. Na2 d4 22. e4 Rhf8 23. Ng1 Bf7 24. Qa5 Qe6 25. Nb4 Kb8 26. Rh2 Rc8 27. Rhc2 Be8 28. Rc5 Bb5 29. a4 Nxa4 30. Rxb5 axb5 31. Qxb5 Nb6 32. Rc5 Rce8 33. b3 Rf4 34. Kb2 Rxh4 35. Ne2 Rh2 36. Rc2 Rf8 37. Qc5 Qd6 38. Qb5 h4 39. f4 exf4 40. e5 Qd7 41. Qc5 Re8 42. Nxf4 Rxc2+ 43. Nxc2 Qf5 44. Qxd4 Qxe5 45. Kc3 Qxf4 0-1

[Event "HUN-chT2 Maroczy 1516"]
[Site "Hungary"]
[Date "2015.11.29"]
[Round "3.7"]
[White "Lantos, Attila"]
[Black "Linczer, Janos"]
[Result "1-0"]
[WhiteElo "2073"]
[BlackElo "2156"]
[PlyCount "61"]
[EventDate "2015.10.18"]
[EventType "team-tourn"]
[EventRounds "9"]
[EventCountry "HUN"]
[SourceTitle "CBM 170 Extra"]
[Source "ChessBase"]
[SourceDate "2016.02.25"]
[SourceVersion "1"]
[SourceVersionDate "2016.02.25"]
[SourceQuality "1"]
[WhiteTeam "Szigetszentmiklos"]
[BlackTeam "Maroczy"]
[WhiteTeamCountry "HUN"]
[BlackTeamCountry "HUN"]

1. d4 d5 2. Nc3 Nf6 3. Bf4 c6 4. Qd2 e6 5. f3 Bd6 6. 0-0-0 b5 7. Bxd6 Qxd6 8. Kb1 0-0 9. g4 a5 10. h4 a4 11. e3 b4 12. Nce2 Ba6 13. g5 Nfd7 14. h5 Nb6 15. b3 axb3 16. cxb3 g6 17. f4 N8d7 18. Nf3 Rfb8 19. hxg6 fxg6 20. Ne5 Nxe5 21. fxe5 Qe7 22. Nf4 Bxf1 23. Rdxf1 Nc4 24. Qh2 Na3+ 25. Ka1 Nb5 26. Nxg6 Qb7 27. Rf2 Nc3 28. Nf4 Ra7 29. g6 Rba8 30. gxh7+ Qxh7 31. Rg1+ 1-0

[Event "HUN-chT2 Maroczy 1516"]
[Site "Hungary"]
[Date "2015.10.18"]
[Round "1.5"]
[White "Lantos, Attila"]
[Black "Ag, Norbert"]
[Result "0-1"]
[WhiteElo "2073"]
[BlackElo "2324"]
[PlyCount "134"]
[EventDate "2015.10.18"]
[EventType "team-tourn"]
[EventRounds "9"]
[EventCountry "HUN"]
[SourceTitle "CBM 170 Extra"]
[Source "ChessBase"]
[SourceDate "2016.02.25"]
[SourceVersion "1"]
[SourceVersionDate "2016.02.25"]
[SourceQuality "1"]
[WhiteTeam "Szigetszentmiklos"]
[BlackTeam "DVTK EMSE"]
[WhiteTeamCountry "HUN"]
[BlackTeamCountry "HUN"]

1. d4 d5 2. Nc3 c6 3. Bf4 Nf6 4. Qd2 Bf5 5. f3 h6 6. 0-0-0 e6 7. g4 Bg6 8. e3 Nbd7 9. Bd3 Bxd3 10. cxd3 Bb4 11. Nge2 Qe7 12. h4 Bd6 13. Bg3 0-0-0 14. Kb1 Kb8 15. Bf2 h5 16. g5 Ne8 17. Rc1 g6 18. e4 Nb6 19. Qd1 Qd7 20. Qb3 Nc7 21. a4 Na6 22. a5 Nc8 23. Na4 Bc7 24. Rc5 Nd6 25. Bg3 Nb5 26. Bxc7+ Qxc7 27. Rc2 Qxa5 28. Rd1 Qb4 29. Nc5 Qxb3 30. Nxb3 Nb4 31. Rcc1 b6 32. Nc3 Nc7 33. f4 Rhe8 34. Na2 Nxa2 35. Kxa2 Kb7 36. Rc2 Rc8 37. Rf1 Nb5 38. f5 exf5 39. exf5 gxf5 40. Rxf5 Nd6 41. Rf6 Re6 42. Rcf2 Rce8 43. Nd2 Kc7 44. Nf1 Kd7 45. Ng3 Rh8 46. Rxe6 fxe6 47. Rf6 Ke7 48. Rf2 Ne8 49. Rc2 Kd6 50. Rf2 Ke7 51. Rc2 Ng7 52. Re2 Rf8 53. Rc2 Kd6 54. Rh2 Rf4 55. Ne2 Rg4 56. Rf2 Nf5 57. Nf4 Rxh4 58. g6 Rg4 59. Nxh5 Rxg6 60. Nf4 Rh6 61. Rg2 Nxd4 62. Rg7 a5 63. Rg8 a4 64. Ng6 b5 65. Rd8+ Kc5 66. Ne5 Rh1 67. Rc8 Nb3 0-1

[Event "HUN-chT 1415"]
[Site "Hungary"]
[Date "2014.12.14"]
[Round "4.2"]
[White "Lantos, Attila"]
[Black "Banusz, Tamas"]
[Result "0-1"]
[WhiteElo "2028"]
[BlackElo "2595"]
[PlyCount "80"]
[EventDate "2014.10.12"]
[EventType "team-tourn"]
[EventRounds "9"]
[EventCountry "HUN"]
[SourceTitle "EXT 2016"]
[Source "ChessBase"]
[SourceDate "2015.10.08"]
[SourceVersion "1"]
[SourceVersionDate "2015.10.08"]
[SourceQuality "1"]
[WhiteTeam "Szigetszentmiklos"]
[BlackTeam "Aquaprofit"]
[WhiteTeamCountry "HUN"]
[BlackTeamCountry "HUN"]

1. e4 e5 2. d4 exd4 3. f4 Nc6 4. Nf3 d5 5. e5 Bc5 6. Bd3 Nge7 7. 0-0 Bf5 8. a3 a5 9. Qe2 Qd7 10. Ne1 0-0 11. Nd2 Rae8 12. Kh1 f6 13. Ndf3 Ng6 14. Bxf5 Qxf5 15. Qb5 Bb6 16. Qxd5+ Kh8 17. Nd3 fxe5 18. fxe5 Ngxe5 19. Re1 Rd8 20. Qe4 Nxf3 21. gxf3 Qxf3+ 22. Qxf3 Rxf3 23. Bf4 Rh3 24. Kg2 Rh5 25. Re6 Kg8 26. Bg3 Rf5 27. Rae1 a4 28. h4 Rdf8 29. R6e2 Rb5 30. Kh3 Ba5 31. Rd1 Rbf5 32. Kg2 R5f7 33. Nc5 Bb6 34. Nxa4 Ba7 35. b3 Ne7 36. Rd3 Nd5 37. c4 Ne3+ 38. Kh3 Rf3 39. Rb2 c5 40. Rb1 Rxg3+ 0-1

[Event "HUN-chT2 Maroczy 1314"]
[Site "Hungary"]
[Date "2014.04.13"]
[Round "10"]
[White "Ats, Laszlo Gyorgy"]
[Black "Lantos, Attila"]
[Result "1-0"]
[WhiteElo "2053"]
[BlackElo "2011"]
[PlyCount "101"]
[EventDate "2013.09.08"]
[EventType "team-tourn"]
[EventRounds "11"]
[EventCountry "HUN"]
[SourceTitle "EXT 2016"]
[Source "ChessBase"]
[SourceDate "2015.10.08"]
[SourceVersion "1"]
[SourceVersionDate "2015.10.08"]
[SourceQuality "1"]
[WhiteTeam "Debrecen SBK"]
[BlackTeam "Szigetszentmiklos"]
[WhiteTeamCountry "HUN"]
[BlackTeamCountry "HUN"]

1. d4 e6 2. Bf4 b6 3. e3 Bb7 4. Nf3 Nf6 5. h4 a6 6. c3 h6 7. Nbd2 d6 8. Bd3 Nbd7 9. Qe2 g6 10. e4 Nh5 11. Bh2 Bg7 12. 0-0-0 b5 13. e5 dxe5 14. dxe5 g5 15. Be4 c6 16. Nb3 Qc7 17. hxg5 hxg5 18. Nxg5 Ke7 19. Qf3 Raf8 20. Nh7 Rfg8 21. Qxh5 a5 22. Bf4 Ke8 23. Rxd7 Qxd7 24. Rd1 Qe7 25. Bg5 Bh6 26. Qxh6 Rxh7 27. Bxh7 Qxg5+ 28. Qxg5 Rxg5 29. Nxa5 Ba8 30. Be4 Kf8 31. Rd8+ Kg7 32. Rxa8 c5 33. Nc6 Rg4 34. Bf3 Rh4 35. Ra5 b4 36. Rxc5 bxc3 37. Rxc3 Ra4 38. a3 Rh4 39. b4 Rh1+ 40. Kb2 f5 41. b5 Kg6 42. b6 Rh7 43. Nd8 Rd7 44. Nxe6 Rd2+ 45. Rc2 Rd7 46. Nf8+ Kg5 47. Nxd7 Kf4 48. b7 Kg5 49. b8N Kf4 50. e6 Kg5 51. e7 1-0

[Event "HUN-chT2 Erkel 1213"]
[Site "Hungary"]
[Date "2013.02.17"]
[Round "7.10"]
[White "Lantos, Attila"]
[Black "Pap, Andras"]
[Result "0-1"]
[WhiteElo "2015"]
[BlackElo "1843"]
[PlyCount "96"]
[EventDate "2012.09.16"]
[EventType "team-tourn"]
[EventRounds "11"]
[EventCountry "HUN"]
[SourceTitle "EXT 2014"]
[Source "ChessBase"]
[SourceDate "2013.11.20"]
[SourceVersion "1"]
[SourceVersionDate "2013.11.20"]
[SourceQuality "1"]
[WhiteTeam "Szigetszentmiklos"]
[BlackTeam "Andornaktalya"]
[WhiteTeamCountry "HUN"]
[BlackTeamCountry "HUN"]

1. e4 c6 2. d4 d5 3. e5 Bf5 4. Nf3 e6 5. Be2 c5 6. 0-0 Nc6 7. c3 Qb6 8. dxc5 Bxc5 9. b4 Be7 10. a4 f6 11. Bf4 fxe5 12. Nxe5 Nxe5 13. Bxe5 Bf6 14. Bb5+ Kf7 15. Bf4 a6 16. Bd3 Ne7 17. g4 Bxd3 18. Qxd3 h6 19. Be3 Qc7 20. f4 Nc6 21. Ra2 d4 22. g5 dxe3 23. gxf6 gxf6 24. Qxe3 Rhg8+ 25. Kh1 Ne7 26. Qf3 Qc6 27. Qxc6 Nxc6 28. Re2 Rad8 29. Rfe1 Rge8 30. Nd2 Rd3 31. Ne4 b6 32. Re3 Red8 33. Kg2 Ne7 34. Nf2 Rxe3 35. Rxe3 Nd5 36. Rf3 Rc8 37. Nd1 Rc4 38. Kg3 a5 39. bxa5 bxa5 40. f5 Rxa4 41. fxe6+ Kxe6 42. Nb2 Ra3 43. Nc4 Ra1 44. Nd2 a4 45. c4 Nb4 46. Re3+ Kd7 47. Rf3 a3 48. Rxf6 a2 0-1